|
|
|
|
| LEADER |
00000nab a2200000 a 4500 |
| 001 |
vtls000614331 |
| 003 |
SK-MaSNL |
| 005 |
20260303013732.0 |
| 008 |
140301c1997 xo 0 slo |
| 015 |
|
|
|a SNBRB19rr/mm-uuuuu
|
| 035 |
|
|
|a CL0614470
|
| 040 |
|
|
|a SNKBUCL
|b slo
|c SNKBUCL
|e AACR2
|
| 041 |
0 |
|
|a slo
|
| 044 |
|
|
|a xo
|c SK
|
| 080 |
|
|
|a 613.81
|2 1981
|
| 100 |
1 |
|
|a Kolšek, M.
|4 aut
|9 994735
|
| 245 |
1 |
0 |
|a Konzumácia alkoholu u žiakov v komunite Litija, Slovinsko
|c M. Kolšek ; Sprac. V. Novotný
|
| 500 |
|
|
|a Zo zahraničnej tlače
|
| 650 |
0 |
7 |
|a alkohol
|2 snkbucl
|9 15497
|
| 655 |
|
7 |
|a články z novín a časopisov
|2 snkbucl
|9 267496
|
| 700 |
1 |
|
|a Novotný, V.
|4 apd
|9 350415
|
| 773 |
0 |
|
|t Alkoholizmus a drogové závislosti (Protialkoholický obzor)
|g Roč. 32, č. 2 (1997), s. 125
|x 0862-0350
|
| 850 |
|
|
|a Slovenská národná knižnica v Martine
|a MTA001
|
| 852 |
|
|
|a SNK
|b KIS3GCP
|
| 958 |
|
|
|a NX
|
| 958 |
|
|
|a ME
|
| 958 |
|
|
|a RK
|
| 992 |
|
|
|a RBX
|
| 999 |
|
|
|c 1604158
|d 1606088
|